[Event "Victoria-ch"]
[Site "Melbourne"]
[Date "2013.06.25"]
[Round "11"]
[White "Sirota, Anatoli V"]
[Black "Tan, Justin Hy"]
[Result "0-1"]
[WhiteElo "2219"]
[BlackElo "2322"]
[PlyCount "32"]
[EventDate "2013.05.14"]
[EventType "tourn"]
[EventRounds "11"]
[EventCountry "AUS"]
[SourceTitle "EXT 2014"]
[Source "ChessBase"]
[SourceDate "2013.11.20"]
[SourceVersion "1"]
[SourceVersionDate "2013.11.20"]
[SourceQuality "1"]

1. e4 e5 2. Nf3 Nc6 3. Bc4 Bc5 4. b4 Bxb4 5. c3 Be7 6. d4 Na5 7. Be2 exd4 8. Qxd4 d5 9. exd5 Nf6 10. Qa4+ c6 11. dxc6 Nxc6 12. 0-0 0-0 13. Bg5 h6 14. Bf4 Be6 15. Na3 Nd5 16. Bd2 Nb6 0-1

[Event "Victoria-ch"]
[Site "Melbourne"]
[Date "2013.06.18"]
[Round "9"]
[White "Sirota, Anatoli V"]
[Black "Levi, Eddy"]
[Result "0-1"]
[WhiteElo "2219"]
[BlackElo "2146"]
[PlyCount "80"]
[EventDate "2013.05.14"]
[EventType "tourn"]
[EventRounds "11"]
[EventCountry "AUS"]
[SourceTitle "EXT 2014"]
[Source "ChessBase"]
[SourceDate "2013.11.20"]
[SourceVersion "1"]
[SourceVersionDate "2013.11.20"]
[SourceQuality "1"]

1. d4 d5 2. Nc3 Nf6 3. Bg5 e6 4. e4 Bb4 5. e5 h6 6. Bd2 Bxc3 7. bxc3 Ne4 8. Qg4 Kf8 9. h4 Nxd2 10. Kxd2 c5 11. Rh3 b6 12. Rg3 g6 13. Rf3 Ke8 14. Bb5+ Bd7 15. Bd3 Qe7 16. dxc5 bxc5 17. Rb1 Nc6 18. Qg3 Kd8 19. Rf6 Kc7 20. Nf3 Rhb8 21. Rxb8 Rxb8 22. Qf4 Be8 23. a4 Rb1 24. Bb5 Kb7 25. c4 Qd8 26. Rxf7+ Bxf7 27. Qxf7+ Ne7 28. Qxe6 dxc4+ 29. Qd6 c3+ 30. Ke2 Qxd6 31. exd6 Nf5 32. d7 Kc7 33. g4 Nd4+ 34. Nxd4 cxd4 35. f4 Rh1 36. Kf3 Rxh4 37. f5 gxf5 38. gxf5 d3 39. Bxd3 Kxd7 40. Kg3 Rd4 0-1

[Event "Victoria-ch"]
[Site "Melbourne"]
[Date "2013.06.01"]
[Round "6"]
[White "Dale, Ari"]
[Black "Sirota, Anatoli V"]
[Result "1-0"]
[WhiteElo "2310"]
[BlackElo "2219"]
[PlyCount "115"]
[EventDate "2013.05.14"]
[EventType "tourn"]
[EventRounds "11"]
[EventCountry "AUS"]
[SourceTitle "EXT 2014"]
[Source "ChessBase"]
[SourceDate "2013.11.20"]
[SourceVersion "1"]
[SourceVersionDate "2013.11.20"]
[SourceQuality "1"]

1. d4 f5 2. Bg5 c6 3. e3 d5 4. c4 Nf6 5. Bxf6 exf6 6. Nc3 dxc4 7. Bxc4 Bd6 8. Nge2 Nd7 9. 0-0 Nb6 10. Bb3 Bc7 11. Nf4 Qd6 12. g3 g6 13. e4 Kf8 14. Re1 Kg7 15. Qf3 Re8 16. Rad1 Qf8 17. h4 Kh8 18. Kg2 Bd7 19. h5 Bxf4 20. Qxf4 g5 21. Qf3 f4 22. gxf4 g4 23. Qg3 Qb4 24. e5 fxe5 25. fxe5 Be6 26. Qh4 Nd7 27. Re4 Qf8 28. Rd3 Qf5 29. Rg3 Rf8 30. Re2 Rg8 31. Ne4 Bxb3 32. axb3 Raf8 33. Qe7 Rf7 34. Qd6 Re8 35. Kg1 Re6 36. Qxe6 Qxe6 37. Ng5 Qe7 38. Nxf7+ Qxf7 39. e6 Qe7 40. exd7 Qxd7 41. h6 c5 42. Rge3 Kg8 43. dxc5 Qd1+ 44. Re1 Qd4 45. Re4 Qxc5 46. Rxg4+ Kf7 47. Re3 Qf5 48. Rgg3 Qb1+ 49. Kg2 a5 50. Rg4 Kf6 51. Rf3+ Ke6 52. Re3+ Kf6 53. Rg8 b5 54. Rf8+ Kg5 55. Rg3+ Kxh6 56. Rf4 Kh5 57. Kh2 Qxb2 58. Kh3 1-0

[Event "Victoria-ch"]
[Site "Melbourne"]
[Date "2013.05.25"]
[Round "4"]
[White "Sirota, Anatoli V"]
[Black "Beaumont, David"]
[Result "1-0"]
[WhiteElo "2219"]
[BlackElo "2039"]
[PlyCount "89"]
[EventDate "2013.05.14"]
[EventType "tourn"]
[EventRounds "11"]
[EventCountry "AUS"]
[SourceTitle "EXT 2014"]
[Source "ChessBase"]
[SourceDate "2013.11.20"]
[SourceVersion "1"]
[SourceVersionDate "2013.11.20"]
[SourceQuality "1"]

1. d4 Nf6 2. Bg5 Ne4 3. Bf4 d5 4. f3 Nf6 5. e4 dxe4 6. Nc3 Bf5 7. Qe2 exf3 8. Nxf3 Nc6 9. d5 Nxd5 10. 0-0-0 Nxf4 11. Rxd8+ Rxd8 12. Qb5 g6 13. Qxb7 Bd7 14. Bb5 Rb8 15. Qxc7 Bh6 16. Kb1 Ne6 17. Qg3 0-0 18. Rd1 Bf4 19. Qf2 Bd6 20. h4 Rb6 21. Bc4 Rfb8 22. b3 Rb4 23. Bd5 Bc5 24. Qd2 Ncd4 25. Ne5 Be8 26. Nd3 Rc8 27. h5 Bd6 28. hxg6 hxg6 29. Rh1 Nf5 30. Ne4 Rd4 31. Nxd6 exd6 32. Bxe6 fxe6 33. Qg5 e5 34. g4 Ng3 35. Rh3 Ne4 36. Qh6 Kf7 37. Qh7+ Ke6 38. Qb7 Rd8 39. Rh7 Rd7 40. Qc8 Nf6 41. Rh8 Bf7 42. g5 Nd5 43. Kb2 Nb6 44. Qc6 Nd5 45. Nc5+ 1-0

[Event "Victoria-ch"]
[Site "Melbourne"]
[Date "2013.05.14"]
[Round "1"]
[White "Zelesco, Karl"]
[Black "Sirota, Anatoli V"]
[Result "1-0"]
[WhiteElo "2130"]
[BlackElo "2219"]
[PlyCount "93"]
[EventDate "2013.05.14"]
[EventType "tourn"]
[EventRounds "11"]
[EventCountry "AUS"]
[SourceTitle "EXT 2014"]
[Source "ChessBase"]
[SourceDate "2013.11.20"]
[SourceVersion "1"]
[SourceVersionDate "2013.11.20"]
[SourceQuality "1"]

1. d4 Nf6 2. c4 c5 3. d5 b5 4. cxb5 a6 5. f3 e6 6. e4 c4 7. Bxc4 axb5 8. Bxb5 Bc5 9. Nc3 0-0 10. Nge2 Qb6 11. Qb3 Na6 12. Na4 Qa5+ 13. Bd2 Bb4 14. Bxb4 Nxb4 15. Nac3 Rb8 16. Qa4 Qxa4 17. Bxa4 exd5 18. e5 Nd3+ 19. Kd2 Nxe5 20. b3 Ba6 21. Nd4 Rfc8 22. Rhe1 Nd3 23. Re3 Nf4 24. g4 Ne6 25. Ncb5 g6 26. h4 Rc5 27. Rc1 Rxc1 28. Kxc1 Nxd4 29. Nxd4 Rb4 30. Nc2 Rf4 31. g5 Nh5 32. Bxd7 Rxh4 33. Bg4 Nf4 34. Nb4 Rh1+ 35. Kd2 Rh2+ 36. Kd1 Be2+ 37. Kc1 h5 38. Bd7 h4 39. Bc6 Rh1+ 40. Kb2 d4 41. Re4 h3 42. Rxf4 d3 43. Bb5 h2 44. Rh4 Bxf3 45. Bxd3 f5 46. gxf6 g5 47. Bc4+ 1-0

[Event "LSS Masters Group A 1st"]
[Site "LSS email"]
[Date "2010.05.30"]
[Round "?"]
[White "Sirota, Anatoli V"]
[Black "Hartl, Hermann"]
[Result "0-1"]
[WhiteElo "2499"]
[BlackElo "2492"]
[PlyCount "38"]
[EventDate "2010.06.02"]
[EventType "tourn (corr)"]
[EventRounds "8"]
[EventCountry "GER"]
[SourceTitle "Telechess CBM 155"]
[Source "ChessBase"]
[SourceDate "2013.07.16"]
[SourceVersion "1"]
[SourceVersionDate "2013.07.16"]
[SourceQuality "1"]

1. e4 e5 2. Nf3 Nc6 3. Bb5 a6 4. Ba4 Nf6 5. 0-0 Nxe4 6. d4 b5 7. Bb3 d5 8. dxe5 Be6 9. Nbd2 Nc5 10. c3 Be7 11. Bc2 d4 12. Nb3 d3 13. Bb1 Nxb3 14. axb3 Bf5 15. b4 0-0 16. Re1 Qd7 17. h3 Rfd8 18. g4 Bg6 19. Ba2 Qc8 0-1

[Event "LSS WC-2008-F-00001"]
[Site "LSS email"]
[Date "2008.11.12"]
[Round "?"]
[White "Mantovanelli, Marco"]
[Black "Sirota, Anatoli V"]
[Result "0-1"]
[WhiteElo "2497"]
[BlackElo "2550"]
[PlyCount "92"]
[EventDate "2008.11.12"]
[EventType "tourn (corr)"]
[EventRounds "10"]
[EventCountry "GER"]
[SourceTitle "Corr 2011"]
[Source "ChessBase"]
[SourceDate "2010.08.31"]
[SourceVersion "1"]
[SourceVersionDate "2010.08.31"]
[SourceQuality "1"]

1. e4 e5 2. Nf3 Nc6 3. Bb5 a6 4. Ba4 Nf6 5. 0-0 Be7 6. Re1 b5 7. Bb3 0-0 8. h3 Bb7 9. d3 d5 10. exd5 Nxd5 11. Nxe5 Nd4 12. Nc3 Nxb3 13. axb3 Nb4 14. Bf4 Qd4 15. Ne4 f5 16. c3 Qd5 17. c4 Qd4 18. Ng3 Qxf4 19. d4 Rad8 20. Ne2 Qh4 21. cxb5 axb5 22. Qc1 f4 23. f3 Bd6 24. Rf1 c5 25. Ng4 cxd4 26. Kh1 h5 27. Nh2 Nd3 28. Qd2 Nf2+ 29. Kg1 d3 30. Nc3 Bc5 31. Rxf2 Rfe8 32. Raf1 b4 33. Nd1 Re2 34. Qc1 Rc2 35. Qa1 Ra8 36. Qb1 Re8 37. Kh1 Bxf2 38. Nxf2 Ree2 39. Rg1 Qxf2 40. Qd1 Red2 41. Qf1 Qg3 42. h4 Re2 43. Qxe2 dxe2 44. Ng4 hxg4 45. Re1 Qxe1+ 46. Kh2 Qxh4+ 0-1

[Event "LSS WC-2008-F-00001"]
[Site "LSS email"]
[Date "2008.11.12"]
[Round "?"]
[White "Petrov, Milen Stoyanov"]
[Black "Sirota, Anatoli V"]
[Result "1/2-1/2"]
[WhiteElo "2654"]
[BlackElo "2556"]
[PlyCount "54"]
[EventDate "2008.11.12"]
[EventType "tourn (corr)"]
[EventRounds "10"]
[EventCountry "GER"]
[SourceTitle "Telechess CBM 131"]
[Source "ChessBase"]
[SourceDate "2009.07.15"]
[SourceVersion "1"]
[SourceVersionDate "2009.07.15"]
[SourceQuality "1"]

1. d4 Nf6 2. c4 g6 3. Nc3 Bg7 4. e4 d6 5. Nf3 0-0 6. Be2 e5 7. 0-0 Nc6 8. d5 Ne7 9. b4 Nh5 10. Re1 f5 11. Ng5 Nf6 12. f3 Kh8 13. Ne6 Bxe6 14. dxe6 Nh5 15. c5 Nf4 16. Bc4 fxe4 17. Rxe4 Nf5 18. g3 Nh3+ 19. Kg2 Ng5 20. Rg4 Nxf3 21. Kxf3 e4+ 22. Nxe4 Bxa1 23. Bg5 Ne7+ 24. Kg2 Be5 25. Rf4 Bxf4 26. Bxf4 Rxf4 27. Qa1+ Kg8 1/2-1/2

[Event "LSS WC-2008-F-00001"]
[Site "LSS email"]
[Date "2008.11.12"]
[Round "?"]
[White "Siefring, Carl L"]
[Black "Sirota, Anatoli V"]
[Result "1/2-1/2"]
[WhiteElo "2450"]
[BlackElo "2497"]
[PlyCount "29"]
[EventDate "2008.11.12"]
[EventType "tourn (corr)"]
[EventRounds "10"]
[EventCountry "GER"]
[SourceTitle "Corr 2013"]
[Source "ChessBase"]
[SourceDate "2012.11.12"]
[SourceVersion "1"]
[SourceVersionDate "2012.11.12"]
[SourceQuality "1"]
[WhiteTeam "US of America"]
[BlackTeam "US of America"]
[WhiteTeamCountry "USA"]
[BlackTeamCountry "USA"]

1. e4 e5 2. Nf3 Nc6 3. d4 exd4 4. Nxd4 Bc5 5. Nxc6 Qf6 6. Qd2 dxc6 7. Nc3 Bd4 8. Bd3 Ne7 9. 0-0 Ng6 10. Kh1 Ne5 11. Be2 Ng4 12. Nd1 Qd6 13. f4 Nxh2 14. Kxh2 Qh6+ 15. Kg3 1/2-1/2

[Event "LSS WC-2008-F-00001"]
[Site "LSS email"]
[Date "2008.11.12"]
[Round "?"]
[White "Sirota, Anatoli V"]
[Black "Makovsky, Petr"]
[Result "1/2-1/2"]
[WhiteElo "2497"]
[BlackElo "2504"]
[PlyCount "66"]
[EventDate "2008.11.12"]
[EventType "tourn (corr)"]
[EventRounds "10"]
[EventCountry "GER"]
[SourceTitle "Telechess CBM 145"]
[Source "Chessbase"]
[SourceDate "2011.11.11"]
[SourceVersion "1"]
[SourceVersionDate "2011.11.11"]
[SourceQuality "1"]

1. d4 Nf6 2. c4 e6 3. Nf3 b6 4. g3 Ba6 5. b3 Bb4+ 6. Bd2 Be7 7. Bg2 c6 8. Bc3 d5 9. Ne5 Nfd7 10. Nxd7 Nxd7 11. Nd2 0-0 12. 0-0 Rc8 13. e4 b5 14. Re1 bxc4 15. bxc4 dxc4 16. Qa4 Bb5 17. Qc2 Re8 18. a4 Ba6 19. Rad1 Bf8 20. a5 Nf6 21. Nf3 Qc7 22. Bf1 Rcd8 23. Qa2 c5 24. d5 h6 25. Be5 Qb7 26. Bxf6 gxf6 27. dxe6 Rxd1 28. exf7+ Qxf7 29. Rxd1 Rxe4 30. Rd8 f5 31. Qb1 Qc7 32. Rb8 Qf7 33. Rd8 Qc7 1/2-1/2

[Event "LSS WC-2008-F-00001"]
[Site "LSS email"]
[Date "2008.11.12"]
[Round "?"]
[White "Sirota, Anatoli V"]
[Black "Schneider, Peter"]
[Result "1/2-1/2"]
[WhiteElo "2556"]
[BlackElo "2401"]
[PlyCount "57"]
[EventDate "2008.11.12"]
[EventType "tourn (corr)"]
[EventRounds "10"]
[EventCountry "GER"]
[SourceTitle "Corr 2011"]
[Source "ChessBase"]
[SourceDate "2010.08.31"]
[SourceVersion "1"]
[SourceVersionDate "2010.08.31"]
[SourceQuality "1"]

1. d4 Nf6 2. c4 e6 3. Nf3 b6 4. g3 Ba6 5. b3 Bb4+ 6. Bd2 Be7 7. Bg2 c6 8. Bc3 d5 9. Ne5 Nfd7 10. Nxd7 Nxd7 11. Nd2 0-0 12. 0-0 Nf6 13. e4 b5 14. exd5 exd5 15. Re1 Re8 16. c5 Qc7 17. b4 Bf8 18. Re5 g6 19. Qe2 Rad8 20. a4 Qb7 21. Bf1 Bg7 22. f3 Qd7 23. Qd3 Qc8 24. Qc2 bxa4 25. Rxa4 Bxf1 26. Nxf1 h5 27. Rxa7 Nh7 28. Rxe8+ Rxe8 29. Qd3 1/2-1/2

[Event "LSS WC-2006-F-00001"]
[Site "LSS email"]
[Date "2007.09.12"]
[Round "?"]
[White "Robson, Nigel"]
[Black "Sirota, Anatoli V"]
[Result "1-0"]
[WhiteElo "2656"]
[BlackElo "2497"]
[PlyCount "103"]
[EventDate "2007.09.12"]
[EventType "tourn (corr)"]
[EventRounds "14"]
[EventCountry "GER"]
[SourceTitle "Corr 2015"]
[Source "ChessBase"]
[SourceDate "2015.07.17"]
[SourceVersion "1"]
[SourceVersionDate "2015.07.17"]
[SourceQuality "1"]

1. e4 e5 2. Nf3 Nc6 3. Bb5 a6 4. Ba4 Nf6 5. 0-0 b5 6. Bb3 Bb7 7. d3 Be7 8. Nc3 0-0 9. Bd2 d6 10. Nd5 Nxd5 11. Bxd5 Rb8 12. c3 Bf6 13. a4 Ne7 14. Bxb7 Rxb7 15. axb5 axb5 16. Be3 b4 17. Qb3 Qb8 18. c4 c5 19. Ra6 Rc8 20. Rfa1 Nc6 21. h4 Qc7 22. h5 h6 23. Nh2 Rb6 24. R6a4 Qd7 25. Qd1 Qe6 26. Qg4 Be7 27. g3 Rf8 28. Kg2 Rfb8 29. b3 Bd8 30. Qxe6 fxe6 31. Ng4 R6b7 32. f4 exf4 33. gxf4 Bb6 34. Kf3 Rf7 35. Ra8 Ba7 36. Rxb8+ Bxb8 37. Ra6 Nd8 38. e5 dxe5 39. Ke2 exf4 40. Bxc5 Kh7 41. Bxb4 Rf5 42. Bd6 Bxd6 43. Rxd6 Nf7 44. Rd7 f3+ 45. Kf1 Kg8 46. b4 Rxh5 47. Nf2 Re5 48. Ne4 Rh5 49. d4 Kf8 50. c5 Rd5 51. Rxd5 exd5 52. Nc3 1-0

[Event "LSS WC-2006-F-00001"]
[Site "LSS email"]
[Date "2007.09.12"]
[Round "?"]
[White "Sirota, Anatoli V"]
[Black "Rocca, Horacio Daniel"]
[Result "1/2-1/2"]
[WhiteElo "2553"]
[BlackElo "2422"]
[PlyCount "137"]
[EventDate "2007.09.12"]
[EventType "tourn (corr)"]
[EventRounds "14"]
[EventCountry "GER"]
[SourceTitle "Telechess CBM 131"]
[Source "ChessBase"]
[SourceDate "2009.07.15"]
[SourceVersion "1"]
[SourceVersionDate "2009.07.15"]
[SourceQuality "1"]

1. d4 Nf6 2. c4 g6 3. Nc3 d5 4. cxd5 Nxd5 5. e4 Nxc3 6. bxc3 Bg7 7. Bc4 c5 8. Ne2 0-0 9. 0-0 Nc6 10. Be3 Bd7 11. Rb1 Qc7 12. Bf4 Qc8 13. Rc1 a6 14. Qd2 b5 15. Bd3 Qb7 16. Bh6 Bxh6 17. Qxh6 cxd4 18. cxd4 Qa7 19. Rfd1 Rac8 20. h3 e5 21. d5 Na5 22. Rxc8 Bxc8 23. Qd2 Nb7 24. Qc3 f6 25. Qc7 Qc5 26. Rc1 Qxc7 27. Rxc7 Nd6 28. Nc1 f5 29. f3 fxe4 30. fxe4 Rf7 31. Rc6 Rf6 32. Nb3 Kf8 33. Nc5 Ke7 34. Rc7+ Ke8 35. Bc2 Rf7 36. Rc6 Ke7 37. Nd3 Bd7 38. Rxa6 Nxe4 39. Nxe5 Rf6 40. Nc6+ Bxc6 41. dxc6 Nc3 42. a4 bxa4 43. c7 Rf8 44. Rc6 Ne2+ 45. Kh2 Rc8 46. Rc4 a3 47. Re4+ Kf6 48. Rxe2 a2 49. Rf2+ Kg5 50. Rf1 Rxc7 51. Bb3 Ra7 52. Ra1 Ra3 53. Bc4 Ra4 54. Be2 Ra5 55. Kg3 Ra4 56. Bf3 Ra5 57. Kf2 Kh4 58. Be4 Ra4 59. Ke3 Ra7 60. Kd4 g5 61. Bd5 Kg3 62. Kc3 h5 63. Kb3 Ra5 64. Bc6 Ra6 65. Bf3 g4 66. hxg4 hxg4 67. Be4 Rb6+ 68. Kc4 Re6 69. Kd4 1/2-1/2

[Event "IECG WC.2003.F.00001 email"]
[Site "IECG email"]
[Date "2003.12.20"]
[Round "?"]
[White "Lafarga Santorroman, David"]
[Black "Sirota, Anatoli V"]
[Result "1/2-1/2"]
[WhiteElo "2529"]
[BlackElo "2548"]
[PlyCount "107"]
[EventDate "2003.12.20"]
[EventType "tourn (corr)"]
[EventRounds "14"]
[SourceTitle "Corr 2008"]
[Source "ChessBase"]
[SourceDate "2008.06.24"]
[SourceVersion "1"]
[SourceVersionDate "2008.06.24"]
[SourceQuality "1"]

1. d4 Nf6 2. c4 e6 3. Nc3 Bb4 4. Qc2 0-0 5. a3 Bxc3+ 6. Qxc3 b6 7. Bg5 Bb7 8. e3 d6 9. Ne2 Nbd7 10. Qd3 Ba6 11. b4 c5 12. b5 Bb7 13. Nc3 a6 14. f3 h6 15. Bh4 d5 16. cxd5 exd5 17. Qd2 c4 18. bxa6 Rxa6 19. Be2 Bc6 20. 0-0 b5 21. Rfb1 Qe7 22. Nxb5 Bxb5 23. Rxb5 Rxa3 24. Rxa3 Qxa3 25. Ra5 Qb3 26. Bd1 Qb7 27. Bc2 Ra8 28. Rxa8+ Qxa8 29. Qc3 Qa2 30. h3 Nb6 31. Bf5 Qb3 32. Be1 Ne8 33. Qc1 Nd6 34. Bc2 Qa2 35. Bb4 Nbc8 36. Kh2 Nb5 37. Qb1 Qxb1 38. Bxb1 g6 39. g4 Nca7 40. Bc2 Nc6 41. Bc5 Na5 42. Kg3 Nb3 43. Bb4 Kg7 44. Kf2 Kf6 45. f4 h5 46. gxh5 gxh5 47. Ke1 Nc1 48. Bf8 Nd3+ 49. Bxd3 cxd3 50. Kd2 Kf5 51. Kxd3 Nc7 52. Bd6 Nb5 53. Bb4 Nc7 54. Bd6 1/2-1/2

[Event "IECG WC.2003.F.00001 email"]
[Site "IECG email"]
[Date "2003.12.20"]
[Round "?"]
[White "Niessen, Thomas"]
[Black "Sirota, Anatoli V"]
[Result "1/2-1/2"]
[WhiteElo "2469"]
[BlackElo "2548"]
[PlyCount "39"]
[EventDate "2003.12.20"]
[EventType "tourn (corr)"]
[EventRounds "14"]
[SourceTitle "Corr 2008"]
[Source "ChessBase"]
[SourceDate "2008.06.24"]
[SourceVersion "1"]
[SourceVersionDate "2008.06.24"]
[SourceQuality "1"]

1. d4 Nf6 2. c4 e6 3. Nc3 Bb4 4. Qc2 0-0 5. a3 Bxc3+ 6. Qxc3 b6 7. Bg5 Ba6 8. Qf3 Nc6 9. e3 Bb7 10. Rd1 h6 11. h4 Re8 12. Bd3 a5 13. Ne2 hxg5 14. hxg5 Ne5 15. Qxb7 Rb8 16. Qa6 Nxd3+ 17. Rxd3 Ne4 18. Qb5 Qxg5 19. Qxg5 Nxg5 20. Nc3 1/2-1/2

[Event "IECG WC.2003.F.00001 email"]
[Site "IECG email"]
[Date "2003.12.20"]
[Round "?"]
[White "Petrovic, Djordje R"]
[Black "Sirota, Anatoli V"]
[Result "1/2-1/2"]
[WhiteElo "2435"]
[BlackElo "2548"]
[PlyCount "56"]
[EventDate "2003.12.20"]
[EventType "tourn (corr)"]
[EventRounds "14"]
[SourceTitle "Corr 2008"]
[Source "ChessBase"]
[SourceDate "2008.06.24"]
[SourceVersion "1"]
[SourceVersionDate "2008.06.24"]
[SourceQuality "1"]

1. e4 e5 2. Nf3 Nc6 3. Bb5 a6 4. Ba4 Nf6 5. 0-0 Be7 6. Re1 b5 7. Bb3 0-0 8. c3 d5 9. exd5 Nxd5 10. Nxe5 Nxe5 11. Rxe5 c6 12. d3 Bd6 13. Re1 Qh4 14. g3 Qh3 15. Re4 Qd7 16. Re1 Qh3 17. Re4 Qd7 18. Nd2 Bb7 19. Re1 c5 20. Ne4 Be7 21. a4 b4 22. Bg5 Bxg5 23. Nxg5 bxc3 24. bxc3 h6 25. Ne4 Qc6 26. Qh5 f5 27. Rab1 Rab8 28. f3 Kh8 1/2-1/2

[Event "IECG WC.2003.F.00001 email"]
[Site "IECG email"]
[Date "2003.12.20"]
[Round "?"]
[White "Sirota, Anatoli V"]
[Black "Silva, Miguel Medina"]
[Result "1/2-1/2"]
[WhiteElo "2548"]
[BlackElo "2149"]
[PlyCount "49"]
[EventDate "2003.12.20"]
[EventType "tourn (corr)"]
[EventRounds "14"]
[SourceTitle "Corr 2008"]
[Source "ChessBase"]
[SourceDate "2008.06.24"]
[SourceVersion "1"]
[SourceVersionDate "2008.06.24"]
[SourceQuality "1"]

1. e4 e5 2. Nf3 Nc6 3. Bb5 a6 4. Ba4 Nf6 5. 0-0 Be7 6. Re1 b5 7. Bb3 d6 8. c3 0-0 9. h3 Nb8 10. d4 Nbd7 11. Nbd2 Bb7 12. Bc2 c5 13. Nf1 cxd4 14. cxd4 Re8 15. d5 Rc8 16. Ne3 g6 17. Bd2 Nc5 18. Nf1 a5 19. Ng3 Qb6 20. Be3 Red8 21. Rc1 Ba6 22. Nh2 Rc7 23. Ng4 Nxg4 24. Qxg4 Bc8 25. Qe2 1/2-1/2

[Event "IECG WC.2003.T.00003 email"]
[Site "IECG email"]
[Date "2002.08.04"]
[Round "?"]
[White "Sirota, Anatoli V"]
[Black "Vidal, Lionel"]
[Result "1/2-1/2"]
[WhiteElo "2549"]
[BlackElo "2343"]
[PlyCount "29"]
[EventDate "2002.08.04"]
[EventType "tourn (corr)"]
[EventRounds "10"]
[SourceTitle "Corr 2008"]
[Source "ChessBase"]
[SourceDate "2008.06.24"]
[SourceVersion "1"]
[SourceVersionDate "2008.06.24"]
[SourceQuality "1"]

1. d4 e6 2. e4 d5 3. Nc3 Nf6 4. Bg5 dxe4 5. Nxe4 Nbd7 6. Nf3 h6 7. Nxf6+ Nxf6 8. Bxf6 Qxf6 9. Bb5+ c6 10. Bd3 Bd7 11. Qe2 c5 12. 0-0-0 0-0-0 13. Be4 Kb8 14. Ne5 Bd6 15. Nxd7+ 1/2-1/2

[Event "IECG WC.2000.F.00001 email"]
[Site "IECG email"]
[Date "2000.11.01"]
[Round "?"]
[White "Sirota, Anatoli V"]
[Black "Siefring, Carl L"]
[Result "1/2-1/2"]
[WhiteElo "2510"]
[BlackElo "2205"]
[PlyCount "43"]
[EventDate "2000.11.01"]
[EventType "tourn (corr)"]
[EventRounds "14"]
[SourceTitle "Corr 2008"]
[Source "ChessBase"]
[SourceDate "2008.06.24"]
[SourceVersion "1"]
[SourceVersionDate "2008.06.24"]
[SourceQuality "1"]

1. d4 Nf6 2. c4 e6 3. Nc3 Bb4 4. e3 b6 5. Nge2 Ba6 6. Ng3 Bxc3+ 7. bxc3 d5 8. Qf3 0-0 9. cxd5 Qxd5 10. e4 Qa5 11. Bxa6 Qxa6 12. Bg5 Nbd7 13. Qe2 Qa5 14. Bd2 Qa4 15. 0-0 c5 16. Be3 cxd4 17. cxd4 Rac8 18. Rfc1 Rfd8 19. f3 Nf8 20. Qb2 Ng6 21. Ne2 Ne8 22. Qb3 1/2-1/2